000 00543nam a2200169 i 4500
001 30254
003 ES-MaACL
005 20230906154149.0
007 t|
008 030124s1915 fr ||||1| fre d
100 1 _aBarraquer, L.
_925854
245 1 0 _aContribution áa la symptomatologie du systéme nerveux périphérique /
_cL. Barraquer.
260 _aParis :
_b[s.n.,
_c1915]
500 _aExtrait de la "Nouvelle iconographie de la Sáalpetrière", 1914-1915.
650 4 _aNervios periféricos.
_9150257
852 _aES-MaACL
_jT-1474-F-8
999 _c30254
_d30254